| 000 | 00924cam a2200313Ia 4500 | ||
|---|---|---|---|
| 001 | 46354 | ||
| 005 | 20230410132804.0 | ||
| 008 | 810226t1970 ve a b 000 0 spa d | ||
| 035 | _a(OCoLC)ocm07158921 | ||
| 040 |
_aUIU _cUIU _dPIT _dOCL |
||
| 035 | _a(OCoLC)7158921 | ||
| 041 | 1 |
_aspa _hger |
|
| 050 | 1 | 4 |
_aQH 311 _bF917i 1970 |
| 082 | 0 | 0 | _a574 |
| 049 | _aGRAL | ||
| 100 | 1 |
_aFrisch, Karl von, _d1886- |
|
| 245 | 1 | 4 |
_aLos insectos dueños del mundo / _cKarl von Frisch ; [traducción de Luis Alberto Bixio]. |
| 260 |
_aCaracas : _bMonte Avila Editores, _c1970 |
||
| 300 |
_a312 p. : _bill. ; _c22 cm. |
||
| 490 | 1 | _aColección Las ideas | |
| 500 | _aTranslation of: Ausgewáhlte Vortráge, 1911-1969. | ||
| 504 | _aIncludes bibliographies. | ||
| 650 | 0 | _aBiology. | |
| 650 | 0 | _aBees. | |
| 830 | 0 | _aColección las ideas (Monte Avila Editores) | |
| 942 |
_2lcc _cbk |
||
| 946 | _amjcruz | ||
| 994 |
_aC0 _bDRFGD |
||
| 999 |
_c87785 _d87785 |
||